| 000 | 00628nam a22001697a 4500 | ||
|---|---|---|---|
| 999 |
_c60718 _d60718 |
||
| 005 | 20231012172933.0 | ||
| 008 | 231012s1986 gw ||||| |||| 00| 0 ger d | ||
| 041 | _ager | ||
| 080 | _a902+72 H-49 | ||
| 245 |
_aColonia Ulpia Traiana - Die römische Stadt : _bPlanung - Architektur - Ausgrabung / _cHeimberg Ursula, Anita Rieche. |
||
| 264 |
_aBonn, _c1986. |
||
| 300 |
_a67 p.: _bill.; _c23 cm. |
||
| 653 | _aრომაული ქალაქი | ||
| 653 | _aდაგეგმვა - არქიტექტურა - გათხრები | ||
| 700 |
_aRieche, Anita _eავტორი _920069 |
||
| 942 |
_2udc _cBK |
||